Conservación y Reproducción

Uloženo v:
Podrobná bibliografie
Hlavní autoři: Fernández Pacheco, Juan Ramón R (Autor), González Díaz, Rafaela (Autor)
Korporace: Ministerio de Educación, Cultura y Deporte (Autor), Secretaría de Estado de Cultura (Autor), Dirección General del Libro, Archivos y Bibliotecas (Autor), Subdirección General de Archivos Estatales (Autor), Escuela Iberoamericana de Archivos (Autor)
Médium: Kniha
Jazyk:španělština
Vydáno: Madrid Secretaría General Técnica 2001
Madrid Subdirección General de Información y Publicaciones 2001
Madrid Grafo S.A 2001
Vydání:2a. ed
Edice:Experiencias y Materiales, 1
Témata:
On-line přístup:portada
Tagy: Přidat tag
Žádné tagy, Buďte první, kdo vytvoří štítek k tomuto záznamu!

MARC

LEADER 00000nam a2200000 a 4500
001 UCJ8842
003 CL-VaPUC
008 070124e20010000sp |||||||||||||||||spa|d
020 |a 8436934687 
082 0 4 |a 025  |b FER  |2 21 
100 0 |a Fernández Pacheco, Juan Ramón R  |e author  |9 518265 
700 0 |a González Díaz, Rafaela  |e author  |9 518266 
110 2 |a Ministerio de Educación, Cultura y Deporte  |e author  |9 518267 
710 2 |a Secretaría de Estado de Cultura  |e author  |9 518268 
710 2 |a Dirección General del Libro, Archivos y Bibliotecas  |e author  |9 518269 
710 2 |a Subdirección General de Archivos Estatales  |e author  |9 518270 
710 2 |a Escuela Iberoamericana de Archivos  |e author  |9 518271 
245 1 0 |a Conservación y Reproducción 
250 |a 2a. ed 
300 |a 86 p 
942 |c BK 
945 |d 20070124 00:00:00  |a fvergara 
260 |a Madrid  |b Secretaría General Técnica  |c 2001 
260 |a Madrid  |b Subdirección General de Información y Publicaciones  |c 2001 
260 |a Madrid  |b Grafo S.A  |c 2001 
500 |a La publicación de esta serie Experiencias y Materiales, comenzada el año 1999, ha supuesto un importante avance en la colaboración archivística e intercambio de experiencias con los diferentes países latinoamericanos, al reunir las aportaciones de diferentes profesionales que han participado en los proyectos de formación organizados por el Minsterio de Educación, Cultura y Deporte 
600 0 7 |a LANZAS SANCHEZ DEL CORRAL, FERNANDO LUIS DE  |2 CL-VaPUC  |9 518272 
650 0 |a Archivística  |9 490081 
650 7 |a CONSERVACION  |2 CL-VaPUC  |9 259519 
650 0 |a Arquitectura  |9 804558 
650 0 |a Ambiente  |9 385908 
650 7 |a SOPORTES  |2 CL-VaPUC  |9 372939 
650 7 |a RESTAURACION  |2 CL-VaPUC  |9 411453 
650 0 |a Control  |9 330602 
650 0 |a Gestión   |9 260993 
650 7 |a PLANIFICACION  |2 CL-VaPUC  |9 260802 
650 7 |a REPROGRAFIA  |2 CL-VaPUC  |9 518274 
650 0 |a Reproducción  |9 269783 
650 0 |a Fotografía  |9 268495 
650 7 |a DIGITALIZACION  |2 CL-VaPUC  |9 518275 
650 0 |a Prevención de riesgos   |9 387495 
650 7 |a BIBLIOGRAFIA  |2 CL-VaPUC  |9 256175 
856 7 |f UCJ8842_01.jpg  |u http://opac.pucv.cl/pucv_img/Img-8500/UCJ8842_01.jpg  |q JEPG  |2 file  |z portada 
583 |a last modification  |c 20171213 12:22:17  |k Rodrigo Vera 
490 0 |a Experiencias y Materiales, 1 
999 |c 324491  |d 324489 
952 |0 0  |1 0  |4 0  |6 025_000000000000000_FER_2001_2001_2001  |7 0  |8 X  |9 404713  |a FDOBUD  |b FDOBUD  |d 2019-11-22  |i 1084801  |o 025 FER 2001 2001 2001  |p 1084801  |r 2019-11-22  |w 2019-11-22  |y BK_X  |k BUD